Engineering mechanics dynamics (Volume 2) (Record no. 64865)
[ view plain ]
| 000 -LEADER | |
|---|---|
| fixed length control field | 00437nam a22001697a 4500 |
| 003 - CONTROL NUMBER IDENTIFIER | |
| control field | NUST - PNEC |
| 005 - DATE AND TIME OF LATEST TRANSACTION | |
| control field | 20170116180858.0 |
| 008 - FIXED-LENGTH DATA ELEMENTS--GENERAL INFORMATION | |
| fixed length control field | 150831b xxu||||| |||| 00| 0 eng d |
| 020 ## - INTERNATIONAL STANDARD BOOK NUMBER | |
| International Standard Book Number | 0471804223 |
| 040 ## - CATALOGING SOURCE | |
| Transcribing agency | LIBRARY |
| 082 ## - DEWEY DECIMAL CLASSIFICATION NUMBER | |
| Classification number | 620.1 MER |
| 100 ## - MAIN ENTRY--PERSONAL NAME | |
| 9 (RLIN) | 6119 |
| Personal name | Meriam, J. L. |
| 245 ## - TITLE STATEMENT | |
| Title | Engineering mechanics dynamics (Volume 2) |
| Statement of responsibility, etc. | J. L, Meriam |
| 250 ## - EDITION STATEMENT | |
| Edition statement | 2th ed |
| 650 ## - SUBJECT ADDED ENTRY--TOPICAL TERM | |
| 9 (RLIN) | 6120 |
| Topical term or geographic name entry element | Mechanics, Applied |
| General subdivision | ME |
| 942 ## - ADDED ENTRY ELEMENTS (KOHA) | |
| Source of classification or shelving scheme | |
| Koha item type | Book |
| Withdrawn status | Lost status | Source of classification or shelving scheme | Damaged status | Not for loan | Permanent Location | Current Location | Shelving location | Date acquired | Total Checkouts | Full call number | Barcode | Date last seen | Price effective from | Koha item type |
|---|---|---|---|---|---|---|---|---|---|---|---|---|---|---|
| Pakistan Navy Engineering College (PNEC) | Pakistan Navy Engineering College (PNEC) | 620.1 MER | PNECLIB-014270 | 08/31/2015 | Book | |||||||||
| Pakistan Navy Engineering College (PNEC) | Pakistan Navy Engineering College (PNEC) | 620.1 MER | PNECLIB-014269 | 08/31/2015 | Book | |||||||||
| Pakistan Navy Engineering College (PNEC) | Pakistan Navy Engineering College (PNEC) | 620.1 MER | PNECLIB-011888 | 09/01/2015 | Book | |||||||||
| Pakistan Navy Engineering College (PNEC) | Pakistan Navy Engineering College (PNEC) | 620.1 MER | PNECLIB-012501 | 09/01/2015 | Book | |||||||||
| Pakistan Navy Engineering College (PNEC) | Pakistan Navy Engineering College (PNEC) | 620.1 MER | PNECLIB-014268 | 09/02/2015 | Book | |||||||||
| Pakistan Navy Engineering College (PNEC) | Pakistan Navy Engineering College (PNEC) | 620.1 MER | PNECLIB-014273 | 10/04/2015 | Book | |||||||||
| Pakistan Navy Engineering College (PNEC) | Pakistan Navy Engineering College (PNEC) | 10/06/2015 | 620.1 MER | PNECLIB-014272 | 10/06/2015 | Book |
